[Event "Irkutsk Baykal op"]
[Site "Irkutsk"]
[Date "2016.07.05"]
[Round "5"]
[White "Ergeshov, Chingiz"]
[Black "Besedin, Anatoly"]
[Result "1/2-1/2"]
[WhiteElo "1937"]
[BlackElo "2002"]
[PlyCount "150"]
[EventDate "2016.07.02"]
[EventType "swiss"]
[EventRounds "9"]
[EventCountry "RUS"]
[SourceTitle "EXT 2019"]
[Source "ChessBase"]
[SourceDate "2018.10.10"]
[SourceVersion "1"]
[SourceVersionDate "2018.10.10"]
[SourceQuality "1"]

1. d4 Nf6 2. Nf3 d5 3. c4 e6 4. g3 dxc4 5. Bg2 c5 6. 0-0 Nc6 7. Qa4 Bd7 8. Qxc4 b5 9. Qd3 Nb4 10. Qd1 Rc8 11. Nc3 Qb6 12. a4 a6 13. axb5 axb5 14. Be3 cxd4 15. Bxd4 Bc5 16. Bxc5 Qxc5 17. Qd4 0-0 18. Ra5 Qe7 19. Ne5 Nc2 20. Qa7 Qb4 21. Nxd7 Nxd7 22. Rxb5 Qd4 23. Qxd4 Nxd4 24. Rb4 Nc2 25. Rb7 Nc5 26. Rb5 Nd4 27. Rb4 Rfd8 28. e3 Ndb3 29. Ne4 Rb8 30. Rxb8 Rxb8 31. Nxc5 Nxc5 32. Ra1 g6 33. Ra8 Rxa8 34. Bxa8 Nd3 35. b3 Kf8 36. Be4 Nc5 37. Bc2 Na6 38. Kf1 Nb4 39. Bd1 Ke7 40. Ke2 Kd6 41. Kd2 Na2 42. Be2 Kc5 43. Bc4 Nb4 44. h4 Na2 45. f3 Nb4 46. g4 Nc6 47. f4 Kb4 48. Kd3 Kc5 49. Ke4 Kd6 50. h5 f5+ 51. Kf3 gxh5 52. gxh5 h6 53. e4 Nd4+ 54. Ke3 e5 55. Kd3 Nxb3 56. exf5 Nc5+ 57. Ke3 Nd7 58. Kf3 Nf6 59. Bf7 exf4 60. Kxf4 Ke7 61. Bg6 Nd7 62. Ke4 Kf6 63. Kd5 Ne5 64. Ke4 Ng4 65. Kf4 Ne5 66. Be8 Nd3+ 67. Ke3 Ne5 68. Kf4 Nd3+ 69. Ke4 Ne5 70. Bb5 Ng4 71. Be2 Ne5 72. Bd1 Nf7 73. Bb3 Nd6+ 74. Kf4 Nxf5 75. Bc2 Ng7 1/2-1/2

[Event "Irkutsk Baykal op"]
[Site "Irkutsk"]
[Date "2016.07.04"]
[Round "4"]
[White "Khangueva, Ayana"]
[Black "Ergeshov, Chingiz"]
[Result "1-0"]
[WhiteElo "1884"]
[BlackElo "1937"]
[PlyCount "97"]
[EventDate "2016.07.02"]
[EventType "swiss"]
[EventRounds "9"]
[EventCountry "RUS"]
[SourceTitle "EXT 2019"]
[Source "ChessBase"]
[SourceDate "2018.10.10"]
[SourceVersion "1"]
[SourceVersionDate "2018.10.10"]
[SourceQuality "1"]

1. d4 d5 2. c4 e6 3. Nc3 Nf6 4. cxd5 exd5 5. Bg5 Be7 6. e3 0-0 7. Bd3 h6 8. Bh4 b6 9. Nf3 Bb7 10. Qc2 c5 11. 0-0 Nc6 12. Bf5 a6 13. Rad1 c4 14. Ne5 Nb4 15. Qe2 Bc8 16. Bb1 Qe8 17. a3 Nd3 18. Nxd3 cxd3 19. Qxd3 g6 20. Bxf6 Bxf6 21. Nxd5 Bd8 22. Rc1 Qd7 23. Qb3 Qe6 24. Qc4 b5 25. Qc5 Bb7 26. Nf4 Qf6 27. Nd5 Qg5 28. Nf4 Qf6 29. Qb4 Be7 30. Qd2 Bd6 31. Ne2 Qg5 32. Ng3 Rfe8 33. f4 Qg4 34. e4 Rad8 35. e5 Bb8 36. Be4 Qd7 37. d5 Ba7+ 38. Kh1 Kg7 39. d6 Rc8 40. Bxb7 Rxc1 41. Rxc1 Qxb7 42. Qc3 Kg8 43. Qc7 Qb6 44. Ne4 Rb8 45. Nf6+ Kg7 46. Qxb6 Bxb6 47. Nd7 Be3 48. Nxb8 Bxc1 49. d7 1-0

[Event "Irkutsk Baykal op"]
[Site "Irkutsk"]
[Date "2016.07.03"]
[Round "3"]
[White "Ergeshov, Chingiz"]
[Black "Nevsky, Igor"]
[Result "1-0"]
[WhiteElo "1937"]
[BlackElo "1843"]
[PlyCount "92"]
[EventDate "2016.07.02"]
[EventType "swiss"]
[EventRounds "9"]
[EventCountry "RUS"]
[SourceTitle "EXT 2019"]
[Source "ChessBase"]
[SourceDate "2018.10.10"]
[SourceVersion "1"]
[SourceVersionDate "2018.10.10"]
[SourceQuality "1"]

1. d4 d5 2. Nf3 Nf6 3. c4 e6 4. g3 c6 5. Bg2 Be7 6. 0-0 0-0 7. Qc2 Nbd7 8. Nbd2 c5 9. cxd5 Nxd5 10. e4 Nb4 11. Qb3 cxd4 12. Nxd4 Ne5 13. N2f3 Nxf3+ 14. Nxf3 e5 15. Nxe5 Be6 16. Qa4 a6 17. Be3 b5 18. Qd1 Rc8 19. a3 Nc2 20. Rc1 Nxe3 21. fxe3 Qb6 22. Qf3 Bf6 23. Rxc8 Rxc8 24. Nxf7 Rf8 25. Ne5 Qd6 26. Ng4 Bxb2 27. Qe2 Rxf1+ 28. Bxf1 Qxa3 29. Nf2 Bf6 30. Qd2 h6 31. Qe2 Bc4 32. Qf3 Bxf1 33. Kxf1 Qc3 34. e5 Qa1+ 35. Kg2 Bxe5 36. Qd5+ Kh7 37. Nd3 Bf6 38. e4 Qd4 39. Qf5+ g6 40. Qf3 Kg7 41. Nf4 Qe5 42. Qd3 Be7 43. Kf3 h5 44. Qd7 Kh6 45. Qe8 Qf6 46. e5 Qg5 1-0

[Event "Irkutsk Spring"]
[Site "Irkutsk"]
[Date "2016.04.09"]
[Round "1"]
[White "Ergeshov, Chingiz"]
[Black "Kazantsev, Andrey"]
[Result "1-0"]
[WhiteElo "1865"]
[BlackElo "1502"]
[PlyCount "115"]
[EventDate "2016.04.09"]
[EventType "swiss"]
[EventRounds "9"]
[EventCountry "RUS"]
[SourceTitle "EXT 2022"]
[Source "ChessBase"]
[SourceDate "2021.10.06"]
[SourceVersion "1"]
[SourceVersionDate "2021.10.06"]
[SourceQuality "1"]

1. d4 e6 2. Nf3 d5 3. c4 Nc6 4. g3 h6 5. Bg2 Nf6 6. 0-0 Be7 7. Qc2 0-0 8. Rd1 dxc4 9. Qxc4 Qd5 10. Ne5 Nxe5 11. Qxd5 Nxd5 12. dxe5 c6 13. Nc3 f6 14. Nxd5 exd5 15. e4 dxe4 16. exf6 Bxf6 17. Bxe4 Be6 18. Be3 a6 19. Bd4 Bxd4 20. Rxd4 Rad8 21. Rxd8 Rxd8 22. a3 Bd5 23. Rd1 Kf8 24. Bxd5 Rxd5 25. Rxd5 cxd5 26. f4 Kf7 27. Kf2 Ke6 28. Kf3 g6 29. g4 h5 30. h3 Kf6 31. Ke3 a5 32. Kd4 hxg4 33. hxg4 Ke6 34. b3 b5 35. b4 axb4 36. axb4 Kd6 37. f5 g5 38. f6 Ke6 39. f7 Kxf7 40. Kxd5 Kf6 41. Kd6 Kg6 42. Ke6 Kh6 43. Kf6 Kh7 44. Kxg5 Kg7 45. Kf5 Kf7 46. Ke5 Kg6 47. Kd5 Kg5 48. Kc5 Kxg4 49. Kxb5 Kf5 50. Kc6 Ke6 51. b5 Ke7 52. b6 Kd8 53. b7 Ke7 54. b8Q Ke6 55. Qf4 Ke7 56. Qf5 Ke8 57. Kd6 Kd8 58. Qf8# 1-0

[Event "Irkutsk Region-ch U19"]
[Site "Irkutsk"]
[Date "2016.03.31"]
[Round "2"]
[White "Ergeshov, Chingiz"]
[Black "Shcherbakov, Gleb"]
[Result "1-0"]
[WhiteElo "1825"]
[BlackElo "1483"]
[PlyCount "71"]
[EventDate "2016.03.31"]
[EventType "swiss"]
[EventRounds "9"]
[EventCountry "RUS"]
[SourceTitle "EXT 2017"]
[Source "ChessBase"]
[SourceDate "2016.10.25"]
[SourceVersion "1"]
[SourceVersionDate "2016.10.25"]
[SourceQuality "1"]

1. Nf3 d5 2. d4 e6 3. c4 Nf6 4. g3 dxc4 5. Bg2 Be7 6. 0-0 0-0 7. Ne5 Nd5 8. Nxc4 b5 9. Ne5 Bb7 10. Qb3 b4 11. a3 a5 12. axb4 axb4 13. Rxa8 Bxa8 14. Nd3 Nb6 15. Bxa8 Nxa8 16. e3 Na6 17. Qa4 Qd6 18. Nd2 c5 19. Ne4 Qb6 20. dxc5 Nxc5 21. Nexc5 Bxc5 22. Nxc5 Qxc5 23. Bd2 Rb8 24. Rc1 Qd6 25. Bxb4 Qd8 26. Bc3 h6 27. Rd1 Qb6 28. Qg4 g6 29. Qf4 Rd8 30. Rxd8+ Qxd8 31. Qxh6 Qd1+ 32. Kg2 Qd5+ 33. f3 e5 34. Qg5 Nc7 35. Qxe5 Qxe5 36. Bxe5 1-0

[Event "Irkutsk-ch op"]
[Site "Irkutsk"]
[Date "2016.03.13"]
[Round "9"]
[White "Ergeshov, Timur"]
[Black "Ergeshov, Chingiz"]
[Result "1-0"]
[WhiteElo "2242"]
[BlackElo "1825"]
[PlyCount "101"]
[EventDate "2016.02.13"]
[EventType "swiss"]
[EventRounds "9"]
[EventCountry "RUS"]
[SourceTitle "EXT 2018"]
[Source "ChessBase"]
[SourceDate "2017.10.13"]
[SourceVersion "1"]
[SourceVersionDate "2017.10.13"]
[SourceQuality "1"]

1. d4 Nf6 2. c4 c5 3. Nf3 g6 4. Nc3 Bg7 5. e4 cxd4 6. Nxd4 0-0 7. Be2 d6 8. 0-0 Qb6 9. Nb3 Nbd7 10. Be3 Qc7 11. Rc1 a6 12. f3 Ne5 13. Kh1 Be6 14. Nd5 Bxd5 15. cxd5 Qd7 16. Bg5 h6 17. Bxf6 Bxf6 18. f4 Rac8 19. fxe5 Bxe5 20. Qd2 Kh7 21. Nd4 Rxc1 22. Rxc1 Qa4 23. Nf3 Qxe4 24. Nxe5 Qxe5 25. Bf3 f5 26. Qc3 Qf4 27. Re1 Qh4 28. Qe3 Rf7 29. Rc1 f4 30. Qe6 Rg7 31. Qe2 h5 32. Rc4 Qg5 33. Qd2 Rf7 34. g3 Qe5 35. Rxf4 Rg7 36. Kg2 Kg8 37. Qe2 Qxe2+ 38. Bxe2 Rf7 39. Rxf7 Kxf7 40. Kf3 Kf6 41. Ke4 e6 42. dxe6 Kxe6 43. Bc4+ Ke7 44. Kd5 g5 45. a4 h4 46. a5 hxg3 47. hxg3 Kd7 48. b4 Kc7 49. Bd3 Kd7 50. Bf5+ Kc7 51. g4 1-0

[Event "Irkutsk-ch op"]
[Site "Irkutsk"]
[Date "2016.02.22"]
[Round "4"]
[White "Trukhin, Dmitry"]
[Black "Ergeshov, Chingiz"]
[Result "1/2-1/2"]
[WhiteElo "1608"]
[BlackElo "1825"]
[PlyCount "234"]
[EventDate "2016.02.13"]
[EventType "swiss"]
[EventRounds "9"]
[EventCountry "RUS"]
[SourceTitle "EXT 2018"]
[Source "ChessBase"]
[SourceDate "2017.10.13"]
[SourceVersion "1"]
[SourceVersionDate "2017.10.13"]
[SourceQuality "1"]

1. e4 c6 2. d4 d5 3. Nc3 dxe4 4. Nxe4 Bf5 5. Ng3 Bg6 6. Nf3 Nd7 7. c3 Qc7 8. Bd3 Bxd3 9. Qxd3 e6 10. Bd2 Ngf6 11. 0-0-0 0-0-0 12. Qc2 c5 13. Kb1 a6 14. Rhe1 Kb8 15. h3 Ka8 16. Bc1 Bd6 17. Nf1 Rc8 18. Ne3 cxd4 19. Nxd4 Rhd8 20. g4 Nb6 21. Qe2 Nfd5 22. h4 Nxe3 23. fxe3 Nc4 24. h5 Nb6 25. e4 Bf4 26. Bxf4 Qxf4 27. Nb3 Rxd1+ 28. Rxd1 Na4 29. Rf1 Qc7 30. Qf3 f6 31. h6 gxh6 32. Qxf6 Qc4 33. Qf3 Rd8 34. Kc2 e5 35. Rf2 Qc6 36. Qe3 Qd6 37. Rd2 Qc7 38. Rxd8+ Qxd8 39. Qxh6 Qe7 40. Qh5 Nb6 41. Nd2 Qe6 42. a3 Qe7 43. Qf5 Ka7 44. g5 Ka8 45. Qf6 Qc7 46. Qf5 Ka7 47. Qf8 Qd7 48. b3 a5 49. Qc5 Ka6 50. Qxe5 Qf7 51. c4 Nd7 52. Qb5+ Ka7 53. Qxa5+ Kb8 54. Qd5 Qe7 55. b4 Nf8 56. Nf3 Ng6 57. Qf5 Qc7 58. Kb3 Qd6 59. Kc2 Qg3 60. e5 Qf2+ 61. Kd3 Qf1+ 62. Kd4 Qf2+ 63. Kc3 Qe3+ 64. Qd3 Qc1+ 65. Kb3 Nf4 66. Qd8+ Ka7 67. Qd4+ Ka8 68. Ka4 Ne2 69. Qd8+ Ka7 70. Kb5 Nc3+ 71. Kc5 Qe3+ 72. Kd6 Qd3+ 73. Ke7 Qxf3 74. Qd4+ Ka8 75. Kd7 Qf7+ 76. Kc8 Na4 77. c5 b6 78. cxb6 Qb7+ 79. Kd8 Nxb6 80. Qd6 Nc4 81. Qc5 Nb6 82. e6 Qb8+ 83. Ke7 Nc8+ 84. Kf6 Qf4+ 85. Qf5 Qd4+ 86. Qe5 Qd8+ 87. Kf5 Ne7+ 88. Kg4 Qe8 89. b5 Kb7 90. a4 Qd8 91. Qe4+ Kb6 92. Qe3+ Kb7 93. Qc5 Qd1+ 94. Kg3 Qe1+ 95. Kg2 Qxe6 96. a5 Qe4+ 97. Kf2 Qf4+ 98. Ke2 Qe4+ 99. Kd2 Qf4+ 100. Kd3 Qf1+ 101. Kd2 Qf4+ 102. Kc2 Qe4+ 103. Kb3 Qb1+ 104. Ka3 Qa1+ 105. Kb3 Qb1+ 106. Kc3 Qc1+ 107. Kd4 Qg1+ 108. Kc4 Qc1+ 109. Kd4 Qb2+ 110. Kd3 Qb3+ 111. Kd2 Qb2+ 112. Kd1 Qb3+ 113. Ke1 Qe6+ 114. Kd2 Qd7+ 115. Kc2 Nd5 116. a6+ Kb8 117. Kb2 Qg7+ 1/2-1/2

[Event "Irkutsk Region-ch U19"]
[Site "Irkutsk"]
[Date "2015.06.24"]
[Round "5"]
[White "Ergeshov, Chingiz"]
[Black "Ergeshov, Timur"]
[Result "0-1"]
[WhiteElo "1862"]
[BlackElo "2081"]
[PlyCount "52"]
[EventDate "2015.06.20"]
[EventType "swiss"]
[EventRounds "7"]
[EventCountry "RUS"]
[SourceTitle "EXT 2022"]
[Source "ChessBase"]
[SourceDate "2021.10.06"]
[SourceVersion "1"]
[SourceVersionDate "2021.10.06"]
[SourceQuality "1"]

1. d4 Nf6 2. Nf3 e6 3. c4 b6 4. g3 Ba6 5. b3 Bb4+ 6. Bd2 Be7 7. Bg2 c6 8. Bc3 d5 9. Ne5 Nfd7 10. Nxd7 Nxd7 11. Nd2 0-0 12. 0-0 f5 13. Rc1 Rc8 14. f3 c5 15. e4 cxd4 16. Bxd4 dxe4 17. fxe4 Nc5 18. Bc3 Nd3 19. exf5 Nxc1 20. Qxc1 Rxf5 21. Rxf5 exf5 22. Bd5+ Kh8 23. Nf3 Bf6 24. Bxf6 Qxf6 25. Ng5 Qd4+ 26. Kg2 Qxd5+ 0-1

[Event "Irkutsk Region-ch U19"]
[Site "Irkutsk"]
[Date "2015.06.22"]
[Round "3"]
[White "Galenpolsky, Mikhail"]
[Black "Ergeshov, Chingiz"]
[Result "0-1"]
[WhiteElo "1734"]
[BlackElo "1862"]
[PlyCount "184"]
[EventDate "2015.06.20"]
[EventType "swiss"]
[EventRounds "7"]
[EventCountry "RUS"]
[SourceTitle "EXT 2022"]
[Source "ChessBase"]
[SourceDate "2021.10.06"]
[SourceVersion "1"]
[SourceVersionDate "2021.10.06"]
[SourceQuality "1"]

1. e4 c6 2. d4 d5 3. f3 e6 4. Nc3 Nf6 5. Be3 Bb4 6. exd5 Nxd5 7. Qd2 Qa5 8. Nge2 Nd7 9. a3 N7b6 10. Ra2 Bxc3 11. Nxc3 Nxe3 12. Qxe3 Nd5 13. Qd2 0-0 14. Nxd5 Qxd2+ 15. Kxd2 cxd5 16. a4 Bd7 17. Bd3 Rfc8 18. Rha1 h5 19. Ra3 g6 20. Rb3 Rc7 21. Raa3 Kf8 22. a5 Ke7 23. Rb4 Bc6 24. h4 Rg8 25. g4 hxg4 26. fxg4 Rh8 27. Bb5 Bxb5 28. Rxb5 Rxh4 29. Rab3 Rxg4 30. Rxb7 Rxd4+ 31. Ke3 Rdc4 32. c3 Kd6 33. a6 f5 34. Ra3 g5 35. Kd2 Kd7 36. Rb8 g4 37. Rg8 d4 38. cxd4 Rxd4+ 39. Ke3 Re4+ 40. Kf2 Rb4 41. Rg7+ Kc8 42. Rg8+ Kd7 43. Rd3+ Kc6 44. Rc3+ Kd6 45. Rd8+ Ke7 46. Rxc7+ Kxd8 47. Rxa7 Rxb2+ 48. Kg3 Ra2 49. Kf4 Ra5 50. Kg5 g3 51. Kf6 g2 52. Rg7 Rxa6 53. Rxg2 Kd7 54. Re2 Rc6 55. Rd2+ Kc7 56. Ke5 Kb6 57. Rb2+ Kc7 58. Rd2 Kc8 59. Rd3 Rb6 60. Rd2 Ra6 61. Rd3 Kc7 62. Rd2 Rb6 63. Rd3 Kb7 64. Ra3 Rc6 65. Rb3+ Kc7 66. Rb2 Kd7 67. Rb5 Rc7 68. Ra5 Ke7 69. Rb5 Ra7 70. Rc5 Kf7 71. Rb5 Re7 72. Rb1 Re8 73. Rb2 Re7 74. Rb1 Rd7 75. Rb5 Rd1 76. Rb7+ Kg6 77. Kxe6 Re1+ 78. Kd5 f4 79. Rb2 Kf5 80. Rb8 Rd1+ 81. Kc4 f3 82. Kc3 Kf4 83. Kc2 Rd7 84. Rf8+ Kg3 85. Rg8+ Kf2 86. Rg6 Kf1 87. Rg8 f2 88. Rg6 Rd5 89. Rf6 Ke2 90. Re6+ Kf3 91. Rf6+ Ke3 92. Rf8 Rd4 0-1

[Event "Irkutsk Region-ch sf3"]
[Site "Irkutsk"]
[Date "2014.08.09"]
[Round "6"]
[White "Sidorov, Anton"]
[Black "Ergeshov, Chingiz"]
[Result "1-0"]
[WhiteElo "2006"]
[BlackElo "1702"]
[PlyCount "71"]
[EventDate "2014.08.04"]
[EventType "swiss"]
[EventRounds "9"]
[EventCountry "RUS"]
[SourceTitle "EXT 2016"]
[Source "ChessBase"]
[SourceDate "2015.10.08"]
[SourceVersion "1"]
[SourceVersionDate "2015.10.08"]
[SourceQuality "1"]

1. Nf3 Nf6 2. c4 e6 3. g3 d5 4. Bg2 Be7 5. 0-0 0-0 6. d4 dxc4 7. Ne5 c5 8. dxc5 Qa5 9. Nxc4 Qxc5 10. b3 Rd8 11. Nbd2 Qh5 12. Bb2 Na6 13. Rc1 Nb4 14. a3 Nbd5 15. e4 Qxd1 16. Rfxd1 Nb6 17. Nxb6 axb6 18. Nc4 Rxd1+ 19. Rxd1 Nd7 20. e5 h5 21. Bxb7 b5 22. Bxa8 bxc4 23. Bb7 Nb6 24. Bxc8 Nxc8 25. bxc4 Nb6 26. Rc1 Kf8 27. c5 Nd5 28. c6 Bd8 29. Kg2 Ba5 30. Rc5 Bb6 31. Rb5 Ke8 32. a4 Kd8 33. a5 Bc7 34. Bd4 Kc8 35. a6 Bb8 36. a7 1-0

[Event "Irkutsk Region-ch sf3"]
[Site "Irkutsk"]
[Date "2014.08.08"]
[Round "5"]
[White "Ergeshov, Chingiz"]
[Black "Ivanov, Evgeny"]
[Result "1-0"]
[WhiteElo "1702"]
[BlackElo "1999"]
[PlyCount "63"]
[EventDate "2014.08.04"]
[EventType "swiss"]
[EventRounds "9"]
[EventCountry "RUS"]
[SourceTitle "EXT 2016"]
[Source "ChessBase"]
[SourceDate "2015.10.08"]
[SourceVersion "1"]
[SourceVersionDate "2015.10.08"]
[SourceQuality "1"]

1. d4 d5 2. c4 Nf6 3. Nf3 h6 4. cxd5 Nxd5 5. e4 Nf6 6. Nc3 Bg4 7. Be2 e6 8. 0-0 Qd7 9. d5 Qc8 10. dxe6 Bxe6 11. e5 Nfd7 12. Bd3 Be7 13. Qe2 Nb6 14. Nd4 N8d7 15. Nxe6 fxe6 16. Qh5+ Kf8 17. Bg6 Nxe5 18. Qxe5 Bf6 19. Qg3 Ke7 20. Bf4 Bxc3 21. Qxc3 Qf8 22. Qxc7+ Kf6 23. Bh5 Nd5 24. Qe5+ Ke7 25. Bg3 g5 26. Qd6+ Kf6 27. Be5+ Kf5 28. g4+ Ke4 29. f3+ Ke3 30. Rfe1+ Kd2 31. Rad1+ Kc2 32. Bg6+ 1-0

[Event "Irkutsk Region-ch sf3"]
[Site "Irkutsk"]
[Date "2014.08.05"]
[Round "2"]
[White "Ergeshov, Chingiz"]
[Black "Demakov, Vladimir Ivanovich"]
[Result "0-1"]
[WhiteElo "1702"]
[BlackElo "2036"]
[PlyCount "86"]
[EventDate "2014.08.04"]
[EventType "swiss"]
[EventRounds "9"]
[EventCountry "RUS"]
[SourceTitle "EXT 2016"]
[Source "ChessBase"]
[SourceDate "2015.10.08"]
[SourceVersion "1"]
[SourceVersionDate "2015.10.08"]
[SourceQuality "1"]

1. d4 g6 2. c4 Bg7 3. Nf3 c5 4. d5 e5 5. dxe6 fxe6 6. e4 Ne7 7. Nc3 0-0 8. Be2 Nbc6 9. Be3 b6 10. 0-0 e5 11. Qd2 Nd4 12. Bh6 d6 13. Bxg7 Kxg7 14. Ne1 Nec6 15. Nd3 Be6 16. b3 a6 17. f4 Ra7 18. Rf2 Raf7 19. Raf1 b5 20. Nd5 bxc4 21. bxc4 a5 22. Ne3 Nb4 23. Nxb4 axb4 24. Nd5 Bxd5 25. exd5 Rxf4 26. Rxf4 Rxf4 27. Rxf4 exf4 28. Bd1 Qf6 29. Qf2 Qe5 30. g3 g5 31. g4 Qe4 32. Qd2 Qe3+ 33. Qf2 Qc1 34. Qf1 Qd2 35. h3 Kf6 36. h4 gxh4 37. g5+ Kxg5 38. Kh1 Nf5 39. Qf3 Ng3+ 40. Kg1 h5 41. a4 bxa3 42. Bb3 Qe3+ 43. Kg2 h3+ 0-1

[Event "Irkutsk Region-ch sf3"]
[Site "Irkutsk"]
[Date "2014.08.04"]
[Round "1"]
[White "Demin, Petr"]
[Black "Ergeshov, Chingiz"]
[Result "0-1"]
[WhiteElo "1978"]
[BlackElo "1702"]
[PlyCount "82"]
[EventDate "2014.08.04"]
[EventType "swiss"]
[EventRounds "9"]
[EventCountry "RUS"]
[SourceTitle "EXT 2016"]
[Source "ChessBase"]
[SourceDate "2015.10.08"]
[SourceVersion "1"]
[SourceVersionDate "2015.10.08"]
[SourceQuality "1"]

1. e4 c6 2. d4 d5 3. e5 Bf5 4. Bd3 Bxd3 5. Qxd3 e6 6. Ne2 Qb6 7. 0-0 c5 8. c3 Nc6 9. Kh1 h5 10. f4 Nh6 11. dxc5 Bxc5 12. b4 Be7 13. Be3 Qc7 14. a4 Nf5 15. Na3 0-0 16. Nb5 Qd7 17. Bf2 f6 18. Nbd4 fxe5 19. Nxc6 Qxc6 20. fxe5 Rac8 21. Bxa7 Qc4 22. Qxc4 Rxc4 23. Bb6 g5 24. b5 Re4 25. Ng3 Nxg3+ 26. hxg3 Rxf1+ 27. Rxf1 Rxa4 28. Bd4 Ra5 29. Rb1 Kf7 30. Kh2 g4 31. Kg1 Kg6 32. b6 Bd8 33. Rf1 Ra6 34. Rb1 Kf5 35. Rb2 Ke4 36. Kf2 Ra4 37. Re2+ Kd3 38. Re3+ Kc4 39. Re1 Kb5 40. Rh1 Ra2+ 41. Ke3 Bg5+ 0-1

[Event "Irkutsk Baykal op"]
[Site "Irkutsk"]
[Date "2014.06.09"]
[Round "3"]
[White "Besedin, Anatoly"]
[Black "Ergeshov, Chingiz"]
[Result "1-0"]
[WhiteElo "2018"]
[BlackElo "1650"]
[PlyCount "113"]
[EventDate "2014.06.07"]
[EventType "swiss"]
[EventRounds "9"]
[EventCountry "RUS"]
[SourceTitle "CBM 161 Extra"]
[Source "ChessBase"]
[SourceDate "2014.08.29"]
[SourceVersion "1"]
[SourceVersionDate "2014.08.29"]
[SourceQuality "1"]

1. e4 c6 2. d4 d5 3. exd5 cxd5 4. c4 Nf6 5. Nc3 e6 6. c5 b6 7. b4 a5 8. Bb5+ Bd7 9. Qa4 Bxb5 10. Qxb5+ Qd7 11. Qxb6 Be7 12. b5 Bd8 13. Qd6 Qxd6 14. cxd6 Nbd7 15. Nf3 0-0 16. Ba3 e5 17. 0-0 Re8 18. dxe5 Nxe5 19. Nxe5 Rxe5 20. Rfe1 Rxe1+ 21. Rxe1 Bb6 22. Na4 Bd4 23. Rd1 Re8 24. Kf1 Be5 25. Re1 Ne4 26. Rd1 Nxd6 27. Rxd5 Nc4 28. Bc5 Bf6 29. Ba7 g6 30. b6 Be5 31. g3 h5 32. b7 Bb8 33. Bd4 h4 34. Kg2 hxg3 35. hxg3 Nd6 36. Nc5 f5 37. Nd7 Ne4 38. Rxa5 Kf7 39. Ra8 Nd6 40. Rxb8 Rxb8 41. Nxb8 Nxb7 42. Nc6 Ke6 43. Be3 Kd6 44. Nd4 Kd5 45. Nf3 Nd6 46. Nh4 Kc4 47. Nxg6 Kb4 48. Bh6 Kc4 49. Bf8 Nb5 50. Nh4 f4 51. g4 Kd3 52. a4 Nc3 53. a5 Nb5 54. Kf3 Nd4+ 55. Kg2 Ke2 56. a6 Nc6 57. Bc5 1-0

[Event "Irkutsk Baykal op"]
[Site "Irkutsk"]
[Date "2014.06.08"]
[Round "2"]
[White "Ergeshov, Chingiz"]
[Black "Sergeev, Andrey"]
[Result "1-0"]
[WhiteElo "1650"]
[BlackElo "1996"]
[PlyCount "104"]
[EventDate "2014.06.07"]
[EventType "swiss"]
[EventRounds "9"]
[EventCountry "RUS"]
[SourceTitle "CBM 161 Extra"]
[Source "ChessBase"]
[SourceDate "2014.08.29"]
[SourceVersion "1"]
[SourceVersionDate "2014.08.29"]
[SourceQuality "1"]

1. d4 d5 2. c4 c6 3. Nf3 Nf6 4. Nc3 e6 5. cxd5 exd5 6. Qc2 Bd6 7. Bg5 0-0 8. e3 h6 9. Bh4 Nbd7 10. Bd3 Re8 11. 0-0 Qc7 12. Bg3 Bxg3 13. hxg3 Qd6 14. Rab1 b6 15. b4 Bb7 16. Rfc1 Rac8 17. Qb3 Ba8 18. Na4 Ne4 19. Rc2 c5 20. bxc5 bxc5 21. dxc5 Nexc5 22. Nxc5 Rb8 23. Bb5 Nxc5 24. Qb4 Ne4 25. Qxd6 Nxd6 26. Rcb2 Rec8 27. Bd3 Rxb2 28. Rxb2 f6 29. Nd4 Kf7 30. f3 Rc3 31. Rd2 Ra3 32. Kf2 Bb7 33. g4 Ke7 34. Ke2 Ba6 35. Bxa6 Rxa6 36. Rb2 Ra3 37. Nc2 Ra4 38. a3 g6 39. Rb4 Ra6 40. Kd3 Nc4 41. Rb7+ Kf8 42. Rb3 Ke7 43. Kc3 Kd6 44. Kd4 Ra4 45. Kc3 Nb6 46. Nd4 Nc4 47. Nc2 Nb6 48. Rb4 Ra5 49. Kb3 Nc4 50. Rb8 Ke5 51. Re8+ Kd6 52. Rh8 Rc5 1-0

[Event "Irkutsk-ch"]
[Site "Irkutsk"]
[Date "2014.02.02"]
[Round "1"]
[White "Kopylov, Oleg"]
[Black "Ergeshov, Chingiz"]
[Result "1/2-1/2"]
[WhiteElo "1952"]
[BlackElo "1612"]
[PlyCount "139"]
[EventDate "2014.02.02"]
[EventType "swiss"]
[EventRounds "9"]
[EventCountry "RUS"]
[SourceTitle "CBM 159 Extra"]
[Source "ChessBase"]
[SourceDate "2014.04.24"]
[SourceVersion "1"]
[SourceVersionDate "2014.04.24"]
[SourceQuality "1"]

1. d4 Nf6 2. c4 e6 3. g3 Be7 4. Bg2 d5 5. Nf3 0-0 6. 0-0 b6 7. Nc3 Bb7 8. Ne5 c6 9. b3 Nfd7 10. Nxd7 Nxd7 11. e4 dxe4 12. Bxe4 Nf6 13. Bf3 Qd7 14. Be3 Rfd8 15. Qe2 Qe8 16. Rfd1 Rd7 17. Rd3 Rad8 18. Rad1 Bb4 19. Ne4 Nxe4 20. Bxe4 Be7 21. h4 Bf6 22. f4 g6 23. h5 Qf8 24. hxg6 hxg6 25. g4 Qe8 26. Qg2 Rd6 27. f5 exf5 28. gxf5 Bg7 29. Bf2 R8d7 30. fxg6 fxg6 31. c5 Re6 32. Bf3 Rd8 33. cxb6 axb6 34. d5 cxd5 35. Rxd5 Bxd5 36. Bxd5 Rxd5 37. Qxd5 Qc6 38. a4 Bf6 39. b4 Qxd5 40. Rxd5 Kg7 41. Bg3 g5 42. Bd6 Re1+ 43. Kg2 Ra1 44. Rb5 Rxa4 45. Rxb6 Bd4 46. Rc6 Ra7 47. Kf3 Kf7 48. Kg4 Ke8 49. Bg3 Rb7 50. Rc4 Bf6 51. Kf5 Be7 52. Be1 Kf7 53. Ke5 Rb5+ 54. Ke4 Ke6 55. Rc1 Bd6 56. Rb1 g4 57. Kd4 Rb6 58. b5 g3 59. Kc4 Rb8 60. b6 g2 61. Bf2 Bh2 62. Kb5 Rf8 63. Re1+ Kd7 64. Bc5 Rf5 65. Rd1+ Ke8 66. Kc6 Rxc5+ 67. Kxc5 g1Q+ 68. Rxg1 Bxg1+ 69. Kc6 Bxb6 70. Kxb6 1/2-1/2

[Event "Irkutsk-ch U20"]
[Site "Irkutsk"]
[Date "2013.09.29"]
[Round "4"]
[White "Ergeshov, Chingiz"]
[Black "Galenpolsky, Mikhail"]
[Result "1-0"]
[WhiteElo "1512"]
[BlackElo "1739"]
[PlyCount "87"]
[EventDate "2013.09.21"]
[EventType "tourn"]
[EventRounds "7"]
[EventCountry "RUS"]
[SourceTitle "EXT 2016"]
[Source "ChessBase"]
[SourceDate "2015.10.08"]
[SourceVersion "1"]
[SourceVersionDate "2015.10.08"]
[SourceQuality "1"]

1. c4 c6 2. d4 d5 3. cxd5 cxd5 4. Bf4 Nf6 5. Nf3 Nc6 6. Nc3 g6 7. e3 Bg7 8. Bb5 0-0 9. 0-0 Bg4 10. h3 Bf5 11. Bxc6 bxc6 12. Ne5 Qb6 13. Na4 Qb5 14. Rc1 Rac8 15. b3 Nd7 16. Nxd7 Bxd7 17. Qd2 f6 18. Nc5 Rfd8 19. a4 Qb6 20. a5 Qb5 21. Qd3 Qxa5 22. Nb7 Bf5 23. Qd1 Qb6 24. Nxd8 Rxd8 25. g4 Bd7 26. Bg3 e5 27. Rc3 Re8 28. f3 Qb4 29. Be1 Qb6 30. Bf2 f5 31. dxe5 Bxe5 32. Rd3 Qb7 33. e4 Be6 34. exf5 gxf5 35. Re1 Qc7 36. Rde3 Bh2+ 37. Kh1 Qd6 38. Rxe6 Rxe6 39. Rxe6 Qxe6 40. Kxh2 fxg4 41. hxg4 Qd6+ 42. Bg3 Qc5 43. Qe2 Qf8 44. Qe6+ 1-0

[Event "Irkutsk-ch U20"]
[Site "Irkutsk"]
[Date "2013.09.28"]
[Round "3"]
[White "Tiuriumin, Anatoly"]
[Black "Ergeshov, Chingiz"]
[Result "0-1"]
[WhiteElo "1516"]
[BlackElo "1512"]
[PlyCount "54"]
[EventDate "2013.09.21"]
[EventType "tourn"]
[EventRounds "7"]
[EventCountry "RUS"]
[SourceTitle "EXT 2016"]
[Source "ChessBase"]
[SourceDate "2015.10.08"]
[SourceVersion "1"]
[SourceVersionDate "2015.10.08"]
[SourceQuality "1"]

1. e4 c6 2. d4 d5 3. e5 Bf5 4. Nf3 e6 5. Nc3 c5 6. Bb5+ Nc6 7. Be3 Qb6 8. dxc5 Bxc5 9. Bxc5 Qxc5 10. Nd4 Nge7 11. Bxc6+ bxc6 12. 0-0 0-0 13. Nb3 Qc4 14. Nd2 Qb4 15. Nb3 Rfc8 16. Qd4 c5 17. Qd1 a5 18. a3 Qf4 19. Re1 a4 20. Nd2 Nc6 21. g3 Qd4 22. Qe2 Bxc2 23. Nf1 Bd3 24. Qf3 Bxf1 25. Rxf1 Nxe5 26. Qh5 Nc4 27. Rad1 Qe5 0-1